000
00246nam a22000977a 4500
999
_c
2933
_d
2933
008
190425e1990 Ag ||||| |||| 00| 0 spa d
100
_a
Comparato, Mario
245
_a
Ginecologia en esquemas
260
_a
Buenos Aires
_b
El Ateneo
_c
1990
500
_3
Baja